000 01028nam a2200241Ia 4500
001 10748
003 GE_BSU
008 181216s||||||||xx |||||||||||||| ||und||
020 _a9994052373
040 _cGE_BSU
100 _aარახამია,მიხეილ
245 _aპრაქტიკული დიდაქტიკისა და სკოლათმცოდნეობის ზოგიერთი საკითხი.
245 _cრედ:ი.ბასილაძე.
260 _aქუთაისი
260 _bაკაკი წერეთლის სახელმწიფო უნ-ტის გამ-ბა.
260 _c2010
300 _a428გვ;20სმ.
300 _bბიბლიოგრ.გვ:421
300 _eფოტო
541 _h14ლ.50თ.
653 _aპრაქტიკული დიდაქტიკისა და სკოლათმცოდნეობის ზოგიერთი საკითხი.
942 _cBK
999 _c43998
_d43998